000
00480nam a2200169Ia 4500
008
090711s9999 xx 000 0 und d
082
_b
3359
100
_a
साने गुरुजी
245
_a
मंगल प्रभात
260
_c
1949
300
_a
60
600
_a
साने गुरुजी
630
_a
मंगल प्रभात
700
_a
साने गुरुजी
730
_a
मंगल प्रभात
942
_c
BOOK
999
_c
321383
_d
321383